সৈয়দ সুলতান : (Record no. 40275)
[ view plain ]
| 000 -LEADER | |
|---|---|
| fixed length control field | 00929nam a2200241 a 4500 |
| 001 - CONTROL NUMBER | |
| control field | 40275 |
| 003 - CONTROL NUMBER IDENTIFIER | |
| rucl marc code | BD-RjUL |
| 005 - DATE AND TIME OF LATEST TRANSACTION | |
| control field | 20211209053200.0 |
| 008 - FIXED-LENGTH DATA ELEMENTS--GENERAL INFORMATION | |
| fixed length control field | 160427s1972 bg a|||| b||| 001 0 ben d |
| 020 ## - INTERNATIONAL STANDARD BOOK NUMBER | |
| Terms of availability | : TK 8.00 |
| 035 ## - SYSTEM CONTROL NUMBER | |
| System control number | (BD-RjUL)40390 |
| 040 ## - CATALOGING SOURCE | |
| Original cataloging agency | BD-RjUL |
| Language of cataloging | ben |
| Transcribing agency | BD-RjUL |
| 041 ## - LANGUAGE CODE | |
| Language code of text/sound track or separate title | ben |
| 082 ## - DEWEY DECIMAL CLASSIFICATION NUMBER | |
| Edition number | 23 |
| Classification number | 891.4409 |
| Author mark and year | SHS 1972 |
| 100 ## - MAIN ENTRY--PERSONAL NAME | |
| Personal name | শরীফ, আহমদ |
| 9 (RLIN) | 120275 |
| 245 10 - TITLE STATEMENT | |
| Title | সৈয়দ সুলতান : |
| Remainder of title | তাঁর গ্রন্থাবলী ও তাঁর যুগ / |
| Statement of responsibility, etc. | আহমদ শরীফ |
| 260 ## - PUBLICATION, DISTRIBUTION, ETC. (IMPRINT) | |
| Place of publication, distribution, etc. | ঢাকা : |
| Name of publisher, distributor, etc. | বাংলা একাডেমী, |
| Date of publication, distribution, etc. | ১৯৭২ |
| 300 ## - PHYSICAL DESCRIPTION | |
| Pagination | খণ্ড ; |
| Size | ২২ সেমি. |
| 505 ## - FORMATTED CONTENTS NOTE | |
| Formatted contents note | খণ্ড ১ -- |
| 650 ## - SUBJECT ADDED ENTRY--TOPICAL TERM | |
| Topical term or geographic name as entry element | Bengali Literature |
| General subdivision | History and Criticism |
| 9 (RLIN) | 117020 |
| Topical term or geographic name as entry element | বাংলা সাহিত্য |
| General subdivision | ইতিহাস ও সমালোচনা |
| 9 (RLIN) | 118060 |
| 942 ## - ADDED ENTRY ELEMENTS (KOHA) | |
| Source of classification or shelving scheme | Dewey Decimal Classification |
| Koha item type | Books |
| Lost status | Source of classification or shelving scheme | Damaged status | Not for loan | Collection code | Permanent Location | Current Location | Shelving location | Date acquired | Source of acquisition | Cost, normal purchase price | Total Checkouts | Full call number | Date last seen | Copy number | Koha item type | Date checked out |
|---|---|---|---|---|---|---|---|---|---|---|---|---|---|---|---|---|
| Dewey Decimal Classification | Non-fiction | Central Library, University of Rajshahi | Central Library, University of Rajshahi | 14/01/1975 | Bangla Academy, Dhaka | 8.00 | B 891.4409 SHS V-1 1972 | 27/04/2016 | C-2 | Books | ||||||
| Dewey Decimal Classification | Non-fiction | Central Library, University of Rajshahi | Central Library, University of Rajshahi | 14/01/1975 | Bangla Academy, Dhaka | 8.00 | B 891.4409 SHS V-1 1972 | 02/06/2016 | C-3 | Books | ||||||
| Dewey Decimal Classification | Non-fiction | Central Library, University of Rajshahi | Central Library, University of Rajshahi | 13/01/1975 | Bangla Academy, Dhaka | 8.00 | 1 | B 891.4409 SHS V-1 1972 | 24/09/2017 | C-4 | Books | 17/09/2017 | ||||
| Dewey Decimal Classification | Non-fiction | Central Library, University of Rajshahi | Central Library, University of Rajshahi | 14/01/1975 | Bangla Academy, Dhaka | 8.00 | 1 | B 891.4409 SHS V-1 1972 | 27/08/2016 | C-5 | Books | 27/08/2016 | ||||
| Dewey Decimal Classification | Non-fiction | Central Library, University of Rajshahi | Central Library, University of Rajshahi | 14/01/1975 | Bangla Academy, Dhaka | 8.00 | 1 | B 891.4409 SHS V-1 1972 | 20/09/2016 | C-6 | Books | 24/08/2016 | ||||
| Dewey Decimal Classification | Non-fiction | Central Library, University of Rajshahi | Central Library, University of Rajshahi | 14/01/1975 | Bangla Academy | 8.00 | 2 | B 891.4409 SHS V-1 1972 | 09/08/2017 | C-7 | Books | 25/07/2017 | ||||
| Dewey Decimal Classification | Non-fiction | Central Library, University of Rajshahi | Central Library, University of Rajshahi | 14/01/1975 | Bangla Academy | 8.00 | B 891.4409 SHS V-1 1972 | 20/08/2016 | C-8 | Books | ||||||
| Dewey Decimal Classification | Non-fiction | Central Library, University of Rajshahi | Central Library, University of Rajshahi | 14/01/1975 | Bangla Academy | 8.00 | B 891.4409 SHS V-1 1972 | 20/08/2016 | C-9 | Books | ||||||
| Dewey Decimal Classification | Non-fiction | Central Library, University of Rajshahi | Central Library, University of Rajshahi | 14/01/1975 | Bangla Academy | 8.00 | 1 | B 891.4409 SHS V-1 1972 | 12/07/2017 | C-10 | Books | 04/07/2017 | ||||
| Dewey Decimal Classification | Not For Loan | Non-fiction | Central Library, University of Rajshahi | Central Library, University of Rajshahi | Reading Room | 14/01/1975 | Bangla Academy. | 8.00 | B 891.4409 SHS V-1 1972 | 03/11/2016 | C-1 | Books |